Online
Catalog

Catálogo crítico de los documentos del Real Gabinete de Historia Natural (1787-1815) / (Record no. 40667)

MARC details
000 -CABECERA
campo de control de longitud fija 00787nam a2200205 a 4500
001 - NÚMERO DE CONTROL
campo de control 000041177
005 - FECHA Y HORA DE LA ÚLTIMA TRANSACCIÓN
campo de control 20201002034701.0
008 - DATOS DE LONGITUD FIJA--INFORMACIÓN GENERAL
campo de control de longitud fija 130920s2000 sp 001 0 spa d
020 ## - NÚMERO INTERNACIONAL ESTÁNDAR DEL LIBRO
Número Internacional Estándar del Libro 8400079922
040 ## - FUENTE DE LA CATALOGACIÓN
Centro catalogador/agencia de origen DO-SdBNP
Lengua de catalogación spa
Centro/agencia transcriptor BNPHU
100 1# - ENTRADA PRINCIPAL--NOMBRE DE PERSONA
Nombre de persona Calatayud Arinero, Mª de los Ángeles
9 (RLIN) 67739
245 10 - MENCIÓN DE TÍTULO
Título Catálogo crítico de los documentos del Real Gabinete de Historia Natural (1787-1815) /
Mención de responsabilidad, etc. María de los Ángeles Calatayud Arinero ; editores Eulalia Moreno, José Templado.
260 ## - PUBLICACIÓN, DISTRIBUCIÓN, ETC.
Lugar de publicación, distribución, etc. Madrid :
Nombre del editor, distribuidor, etc. CSIC,
Fecha de publicación, distribución, etc. 2000.
300 ## - DESCRIPCIÓN FÍSICA
Extensión 219 p. ;
Dimensiones 25 cm.
490 1# - MENCIÓN DE SERIE
Mención de serie Monografía
Designación de volumen o secuencia 16
700 1# - PUNTO DE ACCESO ADICIONAL--NOMBRE DE PERSONA
Nombre de persona Moreno, Eulalia
Término indicativo de función/relación ed.
9 (RLIN) 67740
700 1# - PUNTO DE ACCESO ADICIONAL--NOMBRE DE PERSONA
Nombre de persona Templado, José
Término indicativo de función/relación ed.
9 (RLIN) 67741
710 2# - PUNTO DE ACCESO ADICIONAL--NOMBRE DE ENTIDAD CORPORATIVA
Nombre de entidad corporativa o nombre de jurisdicción como elemento de entrada Consejo Superior de Investigaciones Científicas,(España)
9 (RLIN) 67570
830 #0 - PUNTO DE ACCESO ADICIONAL DE SERIE-TÍTULO UNIFORME
Título uniforme Monografía
Designación de volumen o secuencia 16
9 (RLIN) 4914
Holdings
Estado de retiro Estado de pérdida Restricciones de uso No para préstamo Código de colección Localización permanente Ubicación/localización actual Ubicación en estantería Fecha de adquisición Número de inventario Total de préstamos Signatura topográfica completa Código de barras Fecha visto por última vez Precio válido a partir de Tipo de ítem Koha
      Excluido de préstamo Monografías: Libros y Folletos General General En catalogación 20.09.2013 LF1   41177-10 25.06.2020 25.06.2020 No se presta
        Monografías: Libros y Folletos General General Orden iniciada 23.09.2013 LF1   41178-10 25.06.2020 25.06.2020 No se presta

Powered by Koha